000 00741nam a2200241Ia 4500
003 OSt
005 20220925235331.0
006 a|||||r|||| 00| 0
007 ta
008 220923b |||||||| |||| 00| 0 eng d
020 _a9788189524647
_c45
037 _b876, 12/03/2013, Pranami Book Service
_cGeneral Book
040 _aRTL
_cRTL
_beng
041 _2eng
_aeng
082 _aX:3M24xM18:g, Q1
100 _aSTALIN J V
_9301216
245 0 _aMarxism and the question of nationalities.
260 _a New Delhi
_bCritical Quest
_c2011
300 _a64p.
_ccm.
650 _aSociology
942 _hX:3M24xM18:g, Q1
_cGB
_2CC
999 _c597176
_d597176